[Event "ESP tch Segunda División 2014"]
[Site "Linares ESP"]
[Date "2014.08.21"]
[Round "5.6"]
[White "Aranaz Murillo, Amalia"]
[Black "Fernandez Borrego, Pablo"]
[Result "1/2-1/2"]
[WhiteElo "2314"]
[BlackElo "2343"]
[PlyCount "103"]
[EventDate "2014.08.18"]
[EventType "team-swiss"]
[EventRounds "6"]
[EventCountry "ESP"]
[Source "lmi"]
[SourceDate "2014.08.18"]
[WhiteTeam "ALEKHINE ESPARTINAS"]
[BlackTeam "CIRCULO FERROLANO DE AJEDREZ"]

1. Nf3 e6 2. c4 Nf6 3. g3 d5 4. Bg2 dxc4 5. Qa4+ Nbd7 6. Qxc4 a6 7. Qc2 c5 8.
Nc3 Qc7 9. d4 b5 10. d5 Nxd5 11. Nxd5 exd5 12. e4 Bd6 13. exd5 O-O 14. O-O Re8
15. Nh4 Nf8 16. Be3 Ng6 17. Nf3 Bb7 18. Rfd1 Rad8 19. h4 Bxg3 20. Qxc5 Qxc5 21.
Bxc5 Bb8 22. d6 Bxf3 23. Bxf3 Ne5 24. Bb7 a5 25. a3 Re6 26. b4 axb4 27. axb4 h5
28. f4 Nc4 29. f5 Rexd6 30. Bxd6 Rxd6 31. Rxd6 Bxd6 32. Ra8+ Kh7 33. Bd5 Nb6
34. Ra6 Nxd5 35. Rxd6 Nxb4 36. Kf2 Nc2 37. Ke2 Na3 38. Kd3 Nc4 39. Rd5 f6 40.
Rxb5 Ne5+ 41. Ke4 g6 42. Rb7+ Kh6 43. Re7 Ng4 44. Rf7 g5 45. hxg5+ fxg5 46. Rf8
Kg7 47. Ra8 h4 48. Ra7+ Kh6 49. Ra6+ Kh5 50. Ra8 h3 51. Rh8+ Nh6 52. Kf3
1/2-1/2

[Event "ESP tch Segunda División 2014"]
[Site "Linares ESP"]
[Date "2014.08.21"]
[Round "5.6"]
[White "Gutierrez Valero, Mario"]
[Black "Perez Mauricio, Xoel"]
[Result "1-0"]
[WhiteElo "2198"]
[BlackElo "2226"]
[PlyCount "105"]
[EventDate "2014.08.18"]
[EventType "team-swiss"]
[EventRounds "6"]
[EventCountry "ESP"]
[Source "lmi"]
[SourceDate "2014.08.18"]
[WhiteTeam "ALEKHINE ESPARTINAS"]
[BlackTeam "CIRCULO FERROLANO DE AJEDREZ"]

1. d4 Nf6 2. c4 g6 3. Nc3 Bg7 4. e4 d6 5. h3 O-O 6. Bg5 Na6 7. Bd3 e5 8. d5 Qe8
9. g4 Nd7 10. a3 Nac5 11. b4 Nxd3+ 12. Qxd3 f6 13. Be3 f5 14. Nge2 Nf6 15. f3
Bd7 16. Rb1 fxg4 17. fxg4 a6 18. O-O h6 19. Kg2 Qe7 20. Ng3 Nh7 21. Rxf8+ Rxf8
22. Rf1 Qh4 23. Rxf8+ Bxf8 24. Bf2 Qg5 25. Qe3 Be7 26. c5 Qxe3 27. Bxe3 Bg5 28.
Nf1 Kf7 29. Bxg5 Nxg5 30. Nd2 Ke7 31. Nc4 Nf7 32. Kg3 Kd8 33. h4 Ke7 34. Ne3
Kf6 35. Nc4 Ke7 36. Ne3 Nd8 37. Nc4 Be8 38. Ne3 Kd7 39. Nc4 Bf7 40. Ne3 c6 41.
Nc4 dxc5 42. Nxe5+ Kd6 43. Nc4+ Kc7 44. bxc5 cxd5 45. exd5 Bg8 46. Kf4 Nc6 47.
Ke4 g5 48. hxg5 hxg5 49. Kd3 Bh7+ 50. Ne4 Nd8 51. Kd4 Nf7 52. Ne5 Bxe4 53. Kxe4
1-0

[Event "ESP tch Segunda División 2014"]
[Site "Linares ESP"]
[Date "2014.08.21"]
[Round "5.6"]
[White "Mejuto de Ulloa, Jorge"]
[Black "Lopez Gonzalez, Daniel"]
[Result "0-1"]
[WhiteElo "2112"]
[BlackElo "2239"]
[PlyCount "56"]
[EventDate "2014.08.18"]
[EventType "team-swiss"]
[EventRounds "6"]
[EventCountry "ESP"]
[Source "lmi"]
[SourceDate "2014.08.18"]
[WhiteTeam "CIRCULO FERROLANO DE AJEDREZ"]
[BlackTeam "ALEKHINE ESPARTINAS"]

1. e4 c5 2. Nf3 e6 3. d4 cxd4 4. Nxd4 Nc6 5. Nc3 d6 6. Be3 Nf6 7. f3 Be7 8. Qd2
O-O 9. O-O-O d5 10. exd5 Nxd5 11. Nxd5 Qxd5 12. Nxc6 Qxc6 13. Bd3 e5 14. Qa5
Qf6 15. h4 h6 16. Be4 Bf5 17. Bxb7 Rab8 18. Qxa7 Qg6 19. Rd2 h5 20. Be4 Bb4 21.
Bxf5 Bxd2+ 22. Bxd2 Qxf5 23. Qe3 Rfc8 24. Bc3 f6 25. Rd1 Qe6 26. Kb1 Qc4 27.
Rd3 Qxh4 28. Qe2 Rxc3 0-1

[Event "ESP tch Segunda División 2014"]
[Site "Linares ESP"]
[Date "2014.08.21"]
[Round "5.6"]
[White "Pazos Porta, Antonio"]
[Black "Santos Ruiz, Miguel"]
[Result "1/2-1/2"]
[WhiteElo "2313"]
[BlackElo "2306"]
[PlyCount "61"]
[EventDate "2014.08.18"]
[EventType "team-swiss"]
[EventRounds "6"]
[EventCountry "ESP"]
[Source "lmi"]
[SourceDate "2014.08.18"]
[WhiteTeam "CIRCULO FERROLANO DE AJEDREZ"]
[BlackTeam "ALEKHINE ESPARTINAS"]

1. e4 e6 2. d4 d5 3. Nc3 Nf6 4. Bg5 Bb4 5. Nge2 h6 6. Bxf6 Qxf6 7. a3 Ba5 8.
exd5 O-O 9. Qd2 Rd8 10. Qf4 Bxc3+ 11. bxc3 Qe7 12. Ng3 exd5+ 13. Be2 c5 14. O-O
Nc6 15. Rfe1 cxd4 16. Bb5 Be6 17. Bxc6 bxc6 18. cxd4 Rab8 19. Qe3 Rb2 20. f4
Qf6 21. f5 Bd7 22. Rac1 h5 23. Rf1 Re8 24. Qc3 Rbb8 25. Nxh5 Qg5 26. Ng3 Re3
27. Qc5 Rxg3 28. hxg3 Qe3+ 29. Kh2 Qh6+ 30. Kg1 Qe3+ 31. Kh2 1/2-1/2

[Event "ESP tch Segunda División 2014"]
[Site "Linares ESP"]
[Date "2014.08.21"]
[Round "5.7"]
[White "Fernandez Diaz, Ignacio"]
[Black "Rubio Tent, Francisco"]
[Result "0-1"]
[WhiteElo "2004"]
[BlackElo "2223"]
[PlyCount "144"]
[EventDate "2014.08.18"]
[EventType "team-swiss"]
[EventRounds "6"]
[EventCountry "ESP"]
[Source "lmi"]
[SourceDate "2014.08.18"]
[WhiteTeam "GRUPO 64"]
[BlackTeam "C.A. ALZIRA"]

1. d4 d5 2. c4 c6 3. Nc3 Nf6 4. e3 a6 5. Qc2 e6 6. Nf3 Nbd7 7. Bd2 Bd6 8. g4
Nxg4 9. Rg1 h5 10. h3 Nh6 11. e4 dxe4 12. Nxe4 Bf8 13. O-O-O Nf6 14. Bd3 Be7
15. Bxh6 gxh6 16. Nxf6+ Bxf6 17. Be4 Bd7 18. Ne5 Qe7 19. Rg3 Rd8 20. Rdg1 Bg5+
21. Kb1 Qd6 22. Bg6 Ke7 23. Nxf7 Qf4 24. Nxh8 Rxh8 25. Be4 Qd6 26. Qd3 h4 27.
Rf3 Be8 28. Bg6 Bd7 29. a3 Kd8 30. Qe4 Rf8 31. Rd1 Kc8 32. Rxf8+ Qxf8 33. d5
exd5 34. cxd5 Qxf2 35. d6 Bf6 36. Qc2 Qxc2+ 37. Kxc2 Bxh3 38. Be8 Bf5+ 39. Kb3
Be6+ 40. Kc2 Bf5+ 41. Kb3 Be6+ 42. Kc2 Kd8 43. Bh5 Kd7 44. Bf3 Be5 45. Rg1 Kxd6
46. Bg4 Bd5 47. Bh3 Bg3 48. Rf1 Ke5 49. Rf8 Kd4 50. Rf6 h5 51. Rh6 Bf3 52. Kb3
b5 53. Kc2 a5 54. Rf6 Ke3 55. b3 Be4+ 56. Kd1 Bf3+ 57. Kc2 Be5 58. Rf7 Be4+ 59.
Kc1 Bf4 60. Kb2 Bf3 61. Kc3 Bd1 62. Re7+ Kf2 63. Rf7 Kg3 64. Bd7 Bf3 65. Rg7+
Bg4 66. Rg8 h3 67. Bxc6 h2 68. Kd4 Bd6 69. a4 bxa4 70. bxa4 Kf2 71. Re8 Bf3 72.
Re1 Bxc6 0-1

[Event "ESP tch Segunda División 2014"]
[Site "Linares ESP"]
[Date "2014.08.21"]
[Round "5.7"]
[White "Reig Albero, Ferran"]
[Black "Del Valle Rosas, Alfonso"]
[Result "1-0"]
[WhiteElo "2063"]
[BlackElo "1971"]
[PlyCount "103"]
[EventDate "2014.08.18"]
[EventType "team-swiss"]
[EventRounds "6"]
[EventCountry "ESP"]
[Source "lmi"]
[SourceDate "2014.08.18"]
[WhiteTeam "C.A. ALZIRA"]
[BlackTeam "GRUPO 64"]

1. e4 d5 2. exd5 Qxd5 3. Nc3 Qd6 4. d4 Nf6 5. Nf3 Bg4 6. h3 Bh5 7. g4 Bg6 8.
Be3 a6 9. Bd3 Nc6 10. Qe2 e6 11. O-O-O Bxd3 12. Qxd3 O-O-O 13. Kb1 Be7 14. a3
Nd5 15. Ne4 Qd7 16. Bc1 Nb6 17. Rhe1 h6 18. Bf4 Nd5 19. Bg3 Nf6 20. Ne5 Nxe5
21. Bxe5 Nxe4 22. Qxe4 Rhg8 23. Rd3 Bd6 24. Red1 Bxe5 25. dxe5 Qb5 26. Qf4 Rxd3
27. Rxd3 Rd8 28. Rxd8+ Kxd8 29. Qxf7 Qxe5 30. Qf3 c6 31. Qf7 Kc8 32. f4 Qf6 33.
Qxf6 gxf6 34. Kc1 Kd7 35. Kd2 Kd6 36. Ke3 Ke7 37. Ke4 Kf7 38. h4 Kg6 39. Kd4 h5
40. g5 e5+ 41. Ke4 exf4 42. gxf6 Kf7 43. Kxf4 Kxf6 44. a4 a5 45. c3 b5 46. b3
Ke6 47. Kg5 Ke5 48. Kxh5 Kf5 49. Kh6 Kf6 50. Kh5 Kf5 51. Kh6 Kf6 52. h5 1-0

[Event "ESP tch Segunda División 2014"]
[Site "Linares ESP"]
[Date "2014.08.21"]
[Round "5.7"]
[White "Sanchez Saez, Francisco"]
[Black "Marino Bravo, Marco Antonio"]
[Result "1-0"]
[WhiteElo "2319"]
[BlackElo "2087"]
[PlyCount "79"]
[EventDate "2014.08.18"]
[EventType "team-swiss"]
[EventRounds "6"]
[EventCountry "ESP"]
[Source "lmi"]
[SourceDate "2014.08.18"]
[WhiteTeam "C.A. ALZIRA"]
[BlackTeam "GRUPO 64"]

1. c4 e5 2. g3 Nf6 3. Bg2 Nc6 4. Nc3 Bc5 5. d3 h6 6. Nf3 d6 7. O-O O-O 8. a3 a5
9. e3 Bb6 10. b3 Bf5 11. Bb2 Qd7 12. Re1 Rfe8 13. Rc1 Bg4 14. Qc2 Qf5 15. Nh4
Qh5 16. h3 Bxh3 17. Bxh3 g5 18. Qe2 Qxe2 19. Nxe2 gxh4 20. gxh4 Ne7 21. Ng3 Ng6
22. Nf5 Kh7 23. Kf1 Rg8 24. Bg2 Rab8 25. Bf3 h5 26. Ke2 Nf8 27. Rg1 Ne6 28. b4
axb4 29. axb4 Rxg1 30. Rxg1 Ra8 31. Ra1 Rxa1 32. Bxa1 Nd8 33. d4 e4 34. Bg2 Nc6
35. c5 Ba7 36. b5 Kg6 37. bxc6 Kxf5 38. cxd6 Bb6 39. cxb7 Nd7 40. Bh3+ 1-0

[Event "ESP tch Segunda División 2014"]
[Site "Linares ESP"]
[Date "2014.08.21"]
[Round "5.7"]
[White "Vinuela Diaz, S."]
[Black "Cruz Lledo, Pablo"]
[Result "1/2-1/2"]
[WhiteElo "2145"]
[BlackElo "2371"]
[PlyCount "80"]
[EventDate "2014.08.18"]
[EventType "team-swiss"]
[EventRounds "6"]
[EventCountry "ESP"]
[Source "lmi"]
[SourceDate "2014.08.18"]
[WhiteTeam "GRUPO 64"]
[BlackTeam "C.A. ALZIRA"]

1. d4 d5 2. c4 c6 3. Nf3 Nf6 4. Nc3 dxc4 5. a4 e6 6. e3 c5 7. Bxc4 Nc6 8. O-O
Be7 9. Qe2 cxd4 10. exd4 O-O 11. Rd1 Nb4 12. Bf4 Nbd5 13. Bg3 b6 14. Rac1 Bb7
15. Ne5 Rc8 16. Nb5 a6 17. Na7 Rc7 18. Bb3 Rxc1 19. Rxc1 Nb4 20. Nac6 Nxc6 21.
Nxc6 Bxc6 22. Rxc6 Qxd4 23. Rc4 Qd5 24. Rc3 Qe4 25. Qxe4 Nxe4 26. Rc6 Bc5 27.
a5 bxa5 28. Bc2 Rd8 29. Bc7 Rd5 30. Bxa5 Bxf2+ 31. Kf1 f5 32. Rxa6 Bc5 33. Bb3
Nd2+ 34. Bxd2 Rxd2 35. Rxe6 Kf8 36. Re2 Rxe2 37. Kxe2 Bd4 38. Be6 Bxb2 39. Bxf5
g6 40. Bd3 Kg7 1/2-1/2

[Event "ESP tch Segunda División 2014"]
[Site "Linares ESP"]
[Date "2014.08.21"]
[Round "5.8"]
[White "Delgado Salcedo, Eduardo"]
[Black "Ivanov, Jordan"]
[Result "0-1"]
[WhiteElo "2135"]
[BlackElo "2359"]
[PlyCount "81"]
[EventDate "2014.08.18"]
[EventType "team-swiss"]
[EventRounds "6"]
[EventCountry "ESP"]
[Source "lmi"]
[SourceDate "2014.08.18"]
[WhiteTeam "SOCIEDAD AJEDRECISTICA LOGROÑESA"]
[BlackTeam "HOTELAN.COM - BINISSALEM"]

1. d4 Nf6 2. c4 d6 3. g3 Nbd7 4. Bg2 e5 5. Nc3 g6 6. d5 Bg7 7. e4 a5 8. Qc2 Nc5
9. b3 c6 10. Ba3 Qb6 11. dxc6 bxc6 12. Rd1 Bf8 13. Nge2 Be7 14. O-O h5 15. h4
Ng4 16. Na4 Nxa4 17. bxa4 Ne3 18. fxe3 Qxe3+ 19. Kh2 Qxa3 20. Nc1 Bg4 21. Rd3
Qc5 22. Nb3 Qb4 23. c5 dxc5 24. Nd2 Qb8 25. Nc4 O-O 26. Rb3 Qc7 27. Bh3 Bxh3
28. Kxh3 Rad8 29. Rbf3 Rd4 30. Kh2 Qd7 31. R1f2 Qe6 32. Nxa5 Ra8 33. Nb3 Rdxa4
34. Nc1 Rc4 35. Qd1 f6 36. Qf1 Kg7 37. Nd3 Rxe4 38. Nxc5 Bxc5 39. Rxf6 Rxa2 40.
Qd1 Rxf2+ 41. Rxf2 0-1

[Event "ESP tch Segunda División 2014"]
[Site "Linares ESP"]
[Date "2014.08.21"]
[Round "5.8"]
[White "Diaz Nuñez, Adolfo"]
[Black "Moya Mallafre, Erik"]
[Result "1-0"]
[WhiteElo "2253"]
[BlackElo "1939"]
[PlyCount "84"]
[EventDate "2014.08.18"]
[EventType "team-swiss"]
[EventRounds "6"]
[EventCountry "ESP"]
[Source "lmi"]
[SourceDate "2014.08.18"]
[WhiteTeam "HOTELAN.COM - BINISSALEM"]
[BlackTeam "SOCIEDAD AJEDRECISTICA LOGROÑESA"]

1. Nf3 c6 2. c4 d5 3. e3 g6 4. d4 Bg7 5. Nc3 Nf6 6. Be2 O-O 7. O-O Nbd7 8. cxd5
cxd5 9. Qb3 Nb6 10. a4 a5 11. Bd2 Bf5 12. Rfc1 Ne4 13. Be1 Nxc3 14. Rxc3 Qd6
15. Rc5 Nc4 16. Bxc4 dxc4 17. Qxc4 Be6 18. Qb5 Rfb8 19. Rac1 Bd7 20. Qb3 b6 21.
Rc7 Bf6 22. Ne5 Be8 23. Nf3 b5 24. axb5 Rxb5 25. Qa3 Qe6 26. R7c2 a4 27. Bc3
Rb3 28. Qc5 Rc8 29. Qa5 Rb5 30. Qa7 Qe4 31. h3 Kg7 32. Nd2 Qf5 33. e4 Qf4 34.
e5 Bg5 35. Nf3 Bh6 36. Bd2 Qf5 37. Bxh6+ Kxh6 38. Rxc8 Bd7 39. R8c7 Qf4 40. d5
Bxh3 41. Qe3 Qxe3 42. Ra1 Bc8 1-0

[Event "ESP tch Segunda División 2014"]
[Site "Linares ESP"]
[Date "2014.08.21"]
[Round "5.8"]
[White "Gonzalez Santamartina, Jorge"]
[Black "Nadal Bestard, Sebastian"]
[Result "1/2-1/2"]
[WhiteElo "1897"]
[BlackElo "1874"]
[PlyCount "121"]
[EventDate "2014.08.18"]
[EventType "team-swiss"]
[EventRounds "6"]
[EventCountry "ESP"]
[Source "lmi"]
[SourceDate "2014.08.18"]
[WhiteTeam "SOCIEDAD AJEDRECISTICA LOGROÑESA"]
[BlackTeam "HOTELAN.COM - BINISSALEM"]

1. c4 Nf6 2. Nc3 e6 3. Nf3 d5 4. d4 c6 5. cxd5 exd5 6. Bg5 Nbd7 7. e3 Qa5 8.
Qc2 Ne4 9. Bd3 Ndf6 10. O-O Nxg5 11. Nxg5 Bd6 12. f4 h6 13. Nf3 Be6 14. Ne5 Rd8
15. a3 a6 16. b4 Qc7 17. Na4 Ng4 18. Qe2 Nxe5 19. fxe5 Be7 20. Nc5 Bxc5 21.
bxc5 h5 22. Bf5 Qd7 23. Bxe6 Qxe6 24. Rab1 Rd7 25. Rb6 h4 26. Rfb1 Qe7 27. Qg4
O-O 28. Rf1 f6 29. Qxh4 fxe5 30. Qxe7 Rxf1+ 31. Kxf1 Rxe7 32. Kf2 Kf7 33. Rb3
Kf6 34. Kf3 Rf7 35. Rb1 Kg5+ 36. Kg3 exd4 37. exd4 Re7 38. Rb3 Kf5 39. Kf3 Kg6
40. Re3 Rf7+ 41. Ke2 Kh6 42. Rf3 Re7+ 43. Re3 Rf7 44. g3 Kg5 45. h3 g6 46. Re5+
Kh6 47. Re8 Kg5 48. Re5+ Kh6 49. h4 Kg7 50. Re3 Kh6 51. Rf3 Re7+ 52. Kd3 Kh5
53. Rf4 Rd7 54. Ke3 Re7+ 55. Kf3 Rd7 56. Rf8 Kh6 57. Ke2 Re7+ 58. Kd3 Kg7 59.
Rf3 Kh6 60. Re3 Rf7 61. Ke2 1/2-1/2

[Event "ESP tch Segunda División 2014"]
[Site "Linares ESP"]
[Date "2014.08.21"]
[Round "5.8"]
[White "Mascaro March, Pedro"]
[Black "Saenz Narciso, Miguel Angel"]
[Result "1-0"]
[WhiteElo "2417"]
[BlackElo "2192"]
[PlyCount "118"]
[EventDate "2014.08.18"]
[EventType "team-swiss"]
[EventRounds "6"]
[EventCountry "ESP"]
[Source "lmi"]
[SourceDate "2014.08.18"]
[WhiteTeam "HOTELAN.COM - BINISSALEM"]
[BlackTeam "SOCIEDAD AJEDRECISTICA LOGROÑESA"]

1. Nf3 Nf6 2. c4 c5 3. Nc3 Nc6 4. d4 cxd4 5. Nxd4 g6 6. e4 Nxd4 7. Qxd4 d6 8.
Be2 Bg7 9. Be3 O-O 10. Qd2 a5 11. O-O a4 12. Rac1 Qa5 13. f3 Be6 14. Nd5 Qxd2
15. Bxd2 Bxd5 16. cxd5 Nd7 17. Bc3 Rfc8 18. Bxg7 Kxg7 19. Kf2 Nc5 20. Ke3 b5
21. Rfd1 Rcb8 22. Rd4 b4 23. Bd1 a3 24. b3 Ra6 25. f4 Rab6 26. Be2 h5 27. Rd2
R8b7 28. Bc4 Rc7 29. Rf2 Rb8 30. Kd4 Ra8 31. Re2 f5 32. e5 Ne4 33. Rce1 Nc3 34.
Rc2 Ra5 35. Rxc3 bxc3 36. h4 Ra8 37. e6 Kf8 38. Rc1 Ke8 39. Rxc3 Kd8 40. Rg3
Rcc8 41. Rxg6 Kc7 42. Rg7 Rg8 43. Rxe7+ Kb6 44. Rd7 Rad8 45. Rxd8 Rxd8 46. Bd3
Rf8 47. Bxf5 Kc7 48. Bg6 Kd8 49. f5 Ke7 50. Kc4 Rc8+ 51. Kb4 Rc5 52. Bxh5 Rxd5
53. g4 Rd2 54. Kxa3 d5 55. g5 d4 56. Bg4 Rd3 57. f6+ Kd6 58. e7 Re3 59. g6 Kd5
1-0

[Event "ESP tch Segunda División 2014"]
[Site "Linares ESP"]
[Date "2014.08.22"]
[Round "6.1"]
[White "Antoli Royo, Joaquin Miguel"]
[Black "Ladron de Guevara Pinto, Paolo"]
[Result "1-0"]
[WhiteElo "2428"]
[BlackElo "2355"]
[PlyCount "127"]
[EventDate "2014.08.18"]
[EventType "team-swiss"]
[EventRounds "6"]
[EventCountry "ESP"]
[Source "lmi"]
[SourceDate "2014.08.18"]
[WhiteTeam "JAIME CASAS"]
[BlackTeam "CLUB AJEDREZ NAZARI"]

1. e4 d6 2. Nc3 Nf6 3. f4 c6 4. Nf3 Qa5 5. a3 Bg4 6. h3 Bxf3 7. Qxf3 e5 8. Bc4
Nbd7 9. Ba2 Be7 10. O-O h5 11. d3 Qb6+ 12. Qe3 Qc7 13. Qf3 Qb6+ 14. Qe3 Qc7 15.
Qf2 a6 16. Be3 h4 17. b4 O-O-O 18. f5 Rdf8 19. a4 d5 20. exd5 Bxb4 21. dxc6
Qxc6 22. Ne4 Nxe4 23. dxe4 Qxe4 24. Kh1 Qc6 25. Rab1 Bc5 26. Rfd1 Bxe3 27. Qxe3
Nf6 28. Rb6 Qc7 29. Rd3 Kb8 30. Rc3 Qe7 31. Rcb3 Rc8 32. Rxb7+ Qxb7 33. Qxe5+
Rc7 34. Rxb7+ Kxb7 35. Bd5+ Nxd5 36. Qxd5+ Kb8 37. Qd4 f6 38. Qb6+ Rb7 39. Qxa6
Rc8 40. Qd6+ Ka8 41. Qd3 Rbc7 42. Qf3+ Rb7 43. a5 Ka7 44. Qf2+ Ka6 45. Qxh4
Rxc2 46. Qg3 Rcb2 47. Qd6+ Ka7 48. Qc5+ Ka6 49. Qd6+ Ka7 50. a6 R7b6 51. Qe7+
Kxa6 52. Qxg7 R2b4 53. Kh2 Kb5 54. Qg3 Kc5 55. h4 Rd6 56. h5 Rdd4 57. Qc7+ Kd5
58. g3 Ke4 59. Qf4+ Kd5 60. Qf3+ Ke5 61. Kh3 Re4 62. h6 Rb7 63. Qc3+ Rd4 64.
Qc6 1-0

[Event "ESP tch Segunda División 2014"]
[Site "Linares ESP"]
[Date "2014.08.22"]
[Round "6.1"]
[White "Cuenca Jimenez, Francisco Javier"]
[Black "Ramiro Ovejero, Juan Luis"]
[Result "0-1"]
[WhiteElo "2172"]
[BlackElo "2364"]
[PlyCount "48"]
[EventDate "2014.08.18"]
[EventType "team-swiss"]
[EventRounds "6"]
[EventCountry "ESP"]
[Source "lmi"]
[SourceDate "2014.08.18"]
[WhiteTeam "CLUB AJEDREZ NAZARI"]
[BlackTeam "JAIME CASAS"]

1. c4 e5 2. g3 Nf6 3. Bg2 c6 4. d4 e4 5. Nc3 Bb4 6. Bg5 Bxc3+ 7. bxc3 d5 8.
cxd5 cxd5 9. f3 Nbd7 10. Nh3 h6 11. Bxf6 Nxf6 12. Qa4+ Bd7 13. Qb4 Rc8 14. Nf2
Rc4 15. Qxb7 O-O 16. fxe4 dxe4 17. Qxa7 Bc6 18. Nd1 Qd6 19. Qa5 Nd5 20. Rc1 Ra8
21. Nb2 Rxc3 22. Qxc3 Nxc3 23. Rxc3 Qb4 24. Nd1 Ra3 0-1

[Event "ESP tch Segunda División 2014"]
[Site "Linares ESP"]
[Date "2014.08.22"]
[Round "6.1"]
[White "Rodriguez Guerrero, Enrique"]
[Black "Garza Marco, Sergio"]
[Result "1/2-1/2"]
[WhiteElo "2433"]
[BlackElo "2445"]
[PlyCount "200"]
[EventDate "2014.08.18"]
[EventType "team-swiss"]
[EventRounds "6"]
[EventCountry "ESP"]
[Source "lmi"]
[SourceDate "2014.08.18"]
[WhiteTeam "CLUB AJEDREZ NAZARI"]
[BlackTeam "JAIME CASAS"]

1. e4 Nf6 2. e5 Nd5 3. d4 d6 4. c4 Nb6 5. exd6 exd6 6. Nc3 g6 7. Nf3 Bg4 8. h3
Qe7+ 9. Be3 Bxf3 10. Qxf3 Nc6 11. O-O-O O-O-O 12. g4 Bg7 13. b3 f5 14. gxf5
Rdf8 15. h4 Kb8 16. Bg2 Rxf5 17. Qg4 Rhf8 18. h5 gxh5 19. Rxh5 Rxh5 20. Qxh5 h6
21. Qg6 Rf6 22. Qg4 Qf7 23. Bxc6 bxc6 24. Rg1 Bf8 25. Ne4 Rf5 26. Qg8 Qe7 27.
Ng3 Rf3 28. Re1 Kb7 29. Qg6 Nd7 30. Nf5 Qf6 31. Qxf6 Nxf6 32. Nh4 Rh3 33. Ng6
Nd7 34. Bf4 Rf3 35. Re8 Bg7 36. Re7 Nf8 37. Rxg7 Nxg6 38. Bxd6 Rxf2 39. Rxc7+
Ka8 40. b4 Nf4 41. Rc8+ Kb7 42. Rc7+ Ka8 43. Rc8+ Kb7 44. Rb8+ Ka6 45. a4 Ne6
46. d5 cxd5 47. cxd5 Nd4 48. Kd1 Rf5 49. Bc5 Rxd5 50. Ke1 Ne6 51. Be3 Rd7 52.
Bd2 Rb7 53. Rh8 Re7 54. Rb8 Rb7 55. Re8 Nd4 56. Kd1 Rb6 57. Re7 Rb7 58. Re4 Rd7
59. Bxh6 Kb7 60. Kc1 Kc6 61. Be3 Nf5 62. Bf2 a6 63. Kc2 Nd6 64. Re5 Rf7 65. Be3
Rf5 66. Re7 a5 67. b5+ Nxb5 68. axb5+ Kxb5 69. Kc3 Rf3 70. Re6 a4 71. Re5+ Kc6
72. Kb4 Kd6 73. Re4 Kd5 74. Re8 Rf7 75. Kxa4 Rb7 76. Bd2 Kc4 77. Rc8+ Kd4 78.
Bb4 Kd3 79. Kb3 Rb6 80. Rd8+ Ke4 81. Kc4 Kf5 82. Re8 Re6 83. Rf8+ Rf6 84. Rd8
Re6 85. Bc5 Re2 86. Bd4 Ra2 87. Re8 Ra4+ 88. Kd5 Ra5+ 89. Bc5 Kf4 90. Rf8+ Kg4
91. Kd4 Ra4+ 92. Ke3 Ra6 93. Bd4 Re6+ 94. Kd3 Re7 95. Be3 Rd7+ 96. Ke2 Rb7 97.
Rf4+ Kh5 98. Kf3 Kg6 99. Kg4 Re7 100. Bf2 Rf7 1/2-1/2

[Event "ESP tch Segunda División 2014"]
[Site "Linares ESP"]
[Date "2014.08.22"]
[Round "6.2"]
[White "Espinosa Aranda, Angel"]
[Black "Bas Mas, Jose Joaquin"]
[Result "1/2-1/2"]
[WhiteElo "2385"]
[BlackElo "2278"]
[PlyCount "132"]
[EventDate "2014.08.18"]
[EventType "team-swiss"]
[EventRounds "6"]
[EventCountry "ESP"]
[Source "lmi"]
[SourceDate "2014.08.18"]
[WhiteTeam "64 VILLALBA"]
[BlackTeam "C.A. MISLATA - INFORCHESS.COM"]

1. e4 Nf6 2. e5 Nd5 3. d4 d6 4. Nf3 dxe5 5. Nxe5 c6 6. Be2 Bf5 7. O-O Nd7 8.
Nf3 e6 9. c4 N5f6 10. Nc3 Bd6 11. h3 O-O 12. Be3 h6 13. Qb3 Qc7 14. Rad1 Rfe8
15. Bd3 Bxd3 16. Rxd3 e5 17. c5 e4 18. cxd6 Qxd6 19. Nxe4 Nxe4 20. Ne5 Rf8 21.
Rfd1 Nb6 22. a4 Qd5 23. Qxd5 Nxd5 24. Rb3 Nd6 25. Nd3 Rfe8 26. Nf4 Re7 27. Nxd5
cxd5 28. Rc3 Nf5 29. g4 Nxe3 30. fxe3 Rd8 31. Rdc1 Rd6 32. Kf2 Rb6 33. b3 g6
34. Rd3 Kg7 35. Rc5 Rd7 36. Rdc3 a6 37. Kf3 Kf6 38. Rc8 Kg7 39. h4 g5 40. hxg5
hxg5 41. Re8 Rf6+ 42. Ke2 Re6 43. Rxe6 fxe6 44. e4 Kf6 45. e5+ Kf7 46. Rc8 Re7
47. Ke3 Re8 48. Rc7+ Re7 49. Rc2 Kg7 50. Rf2 Rf7 51. Rxf7+ Kxf7 52. a5 Ke7 53.
Kd3 Kd7 54. Kc3 Kc6 55. Kb4 b5 56. axb6 Kxb6 57. Ka4 Kc7 58. Kb4 Kb6 59. Ka4
Kc7 60. Ka5 Kb7 61. b4 Ka7 62. b5 axb5 63. Kxb5 Kb7 64. Kc5 Kc7 65. Kb5 Kb7 66.
Kc5 Kc7 1/2-1/2

[Event "ESP tch Segunda División 2014"]
[Site "Linares ESP"]
[Date "2014.08.22"]
[Round "6.2"]
[White "Garcia Roman, Daniel"]
[Black "Moreno Trujillo, Alejandro"]
[Result "0-1"]
[WhiteElo "2390"]
[BlackElo "2525"]
[PlyCount "107"]
[EventDate "2014.08.18"]
[EventType "team-swiss"]
[EventRounds "6"]
[EventCountry "ESP"]
[Source "lmi"]
[SourceDate "2014.08.18"]
[WhiteTeam "C.A. MISLATA - INFORCHESS.COM"]
[BlackTeam "64 VILLALBA"]

1. d4 d5 2. c4 e6 3. Nf3 Nf6 4. Nc3 c6 5. Bg5 h6 6. Bxf6 Qxf6 7. e3 g6 8. Bd3
dxc4 9. Bxc4 Nd7 10. O-O Bg7 11. e4 e5 12. d5 Nb6 13. Bb3 Bg4 14. h3 Bxf3 15.
Qxf3 Qxf3 16. gxf3 O-O 17. dxc6 bxc6 18. Rac1 Rfd8 19. Na4 Rac8 20. Rfd1 Rd4
21. Nc5 Bf8 22. Nd3 Bd6 23. f4 exf4 24. e5 Be7 25. e6 f6 26. a4 Kg7 27. a5 Nd5
28. Bxd5 Rxd5 29. Nxf4 Rxd1+ 30. Rxd1 Rd8 31. Rc1 Rd6 32. Kg2 f5 33. b4 g5 34.
Ne2 Kf6 35. Ng3 Rxe6 36. Rc4 Ke5 37. Ne2 Kd6 38. Rd4+ Kc7 39. Ng3 Re5 40. f4
Rb5 41. fxg5 hxg5 42. a6 Bd6 43. Rd3 Bxg3 44. Rxg3 f4 45. Rb3 Kb6 46. Kf3 Kxa6
47. Kg4 Kb6 48. Rd3 Rd5 49. Ra3 Kb5 50. Rc3 Kb6 51. Rc4 a5 52. bxa5+ Rxa5 53.
h4 Kb5 54. Rc1 0-1

[Event "ESP tch Segunda División 2014"]
[Site "Linares ESP"]
[Date "2014.08.22"]
[Round "6.2"]
[White "Lopez del Alamo, Antonio"]
[Black "Jordan Arenas, Manuel"]
[Result "1-0"]
[WhiteElo "2275"]
[BlackElo "2148"]
[PlyCount "65"]
[EventDate "2014.08.18"]
[EventType "team-swiss"]
[EventRounds "6"]
[EventCountry "ESP"]
[Source "lmi"]
[SourceDate "2014.08.18"]
[WhiteTeam "64 VILLALBA"]
[BlackTeam "C.A. MISLATA - INFORCHESS.COM"]

1. d4 e6 2. e4 b6 3. Nf3 Bb7 4. Bd3 Nf6 5. Qe2 c5 6. d5 exd5 7. e5 Ng8 8. Nc3
c4 9. Bf5 Bb4 10. Bg5 Ne7 11. O-O Bxc3 12. bxc3 h6 13. Bxe7 Qxe7 14. Nd4 O-O
15. Nb5 Na6 16. f4 Qc5+ 17. Nd4 d6 18. e6 Bc8 19. exf7+ Kxf7 20. Be6+ Kg6 21.
f5+ Kh7 22. Kh1 Rf6 23. Qh5 Nc7 24. g4 Bxe6 25. fxe6 Raf8 26. Rxf6 Rxf6 27. g5
Rg6 28. gxh6 gxh6 29. Qf5 Nxe6 30. Nxe6 Qe3 31. Nf8+ Kg7 32. Qxg6+ Kxf8 33.
Rf1+ 1-0

[Event "ESP tch Segunda División 2014"]
[Site "Linares ESP"]
[Date "2014.08.22"]
[Round "6.2"]
[White "Navarrete Espi, Samuel"]
[Black "Napoli, Nicolo"]
[Result "1-0"]
[WhiteElo "2245"]
[BlackElo "2315"]
[PlyCount "57"]
[EventDate "2014.08.18"]
[EventType "team-swiss"]
[EventRounds "6"]
[EventCountry "ESP"]
[Source "lmi"]
[SourceDate "2014.08.18"]
[WhiteTeam "C.A. MISLATA - INFORCHESS.COM"]
[BlackTeam "64 VILLALBA"]

1. e4 e6 2. d4 d5 3. Nc3 Nf6 4. e5 Nfd7 5. f4 c5 6. Nf3 Nc6 7. Be3 a6 8. Qd2 b5
9. dxc5 Bxc5 10. Ne2 Qb6 11. Bxc5 Nxc5 12. Ned4 Ne4 13. Qe3 Bb7 14. Bd3 Qa5+
15. c3 b4 16. O-O bxc3 17. bxc3 Ne7 18. Ng5 Rc8 19. Rab1 Ba8 20. f5 Nxg5 21.
Qxg5 Qxc3 22. Qe3 O-O 23. fxe6 fxe6 24. Rxf8+ Kxf8 25. Nxe6+ Kg8 26. Qh3 Ng6
27. Ng5 Nf8 28. Bxh7+ Kh8 29. Nf7# 1-0